000 00303 a2200109 4500
001 ART_18432
005 20260410161702.0
008 260409a
245 1 0 _aTasas más, tasas menos
100 1 _aBulit Goñi, Enrique G.
773 0 _tRevista Impuestos
_g- Nº 12 (dic. 2012)
_wREV639
999 _c15236
_d15236